| 000 | 00879nam a2200205Ia 4500 | ||
|---|---|---|---|
| 999 |
_c38283 _d38283 |
||
| 001 | 4291 | ||
| 003 | GE_BSU | ||
| 005 | 20191008154716.0 | ||
| 008 | 181216s1977||||ge |||||||||||||| ||geo|| | ||
| 040 | _cGE_BSU | ||
| 041 | _ageo | ||
| 080 | _a373.3/5(479.223) ც–59 | ||
| 100 |
_aცივაძე, ეთერ _94624 |
||
| 245 |
_aაჭარის ზოგადსაგანმანათლებლო სკოლა აღმავლობის გზაზე, (1970-1977) / _cრედ. ზ. ფირცხალაიშვილი. |
||
| 264 |
_aბათუმი : _bსაბჭ. აჭარა, _c1977. |
||
| 300 |
_a87 გვ. ; _b22 სმ. |
||
| 653 | _aსასკოლო განათლება აჭარაში | ||
| 700 |
_aფირცხალაიშვილი, ზ _eრედაქტორი _93678 |
||
| 942 |
_cBK _2udc |
||